Cristiano Ronaldo quiz - Statistics

General Stats
  • This quiz has been taken 5 times
  • The average score is 10 of 30
Answer Stats
Hint Answer % Correct
In which year did Ronaldo receive his first career red card 2004
60%
How many penalties has Ronaldo missed in his career (as of 2024) 29
60%
In which minute did Ronaldo score his first professional goal 34
60%
What was Ronaldo's longest goal drought in the UEFA Champions League 9
60%
In which stadium did Ronaldo score his 100th Champions League goal Allianz Arena
60%
How many assists did Ronaldo register during his Real Madrid career 131
40%
How many goals did Ronaldo score in the Copa del Rey across all seasons 22
40%
In what minute did Ronaldo score his first goal for Juventus 50
40%
What was Ronaldo’s FIFA 07 overall rating 87
40%
Which team did Ronaldo score his 800th career goal against Arsenal
40%
Which club did Ronaldo score his 700th club career goal against Everton
40%
Who captained Portugal when Ronaldo made his senior debut in 2003 Fernando Couto
40%
Which Spanish club did Ronaldo score his first La Liga hat-trick against Mallorca
40%
Which player assisted Ronaldo's first goal for Real Madrid Raúl González
40%
Against which team did Ronaldo score his 100th international goal Sweden
40%
Which manager gave Ronaldo the most playing time across all clubs Zinedine Zidane
40%
Against which team did Ronaldo score his first goal for Al Nassr Al Fateh
20%
Which goalkeeper has conceded the most goals to Ronaldo Andrés Palop
20%
Against which team did Ronaldo score his 500th club goal Club América
20%
Which goalkeeper has saved the most penalties from Ronaldo Diego Alves
20%
Who was the manager of Sporting CP when Ronaldo made his debut László Bölöni
20%
Which national team has Ronaldo scored the most goals against Luxembourg
20%
Which defender did Ronaldo score a hat-trick past in the 2022 World Cup qualifying playoff Maxime Chanot
20%
Against which team did Ronaldo score his first career goal Moreirense
20%
Which stadium did Ronaldo debut in for Al Nassr Mrsool Park
20%
Who did Ronaldo replace as a substitute in his Manchester United debut Nicky Butt
20%
Against which national team did Ronaldo reach 100 international caps Northern Ireland
20%
What team did Ronaldo face in his 1000th professional game SPAL
20%
What club did Ronaldo face in his first UEFA Champions League match VfB Stuttgart
20%
Who was the referee in the game where Ronaldo scored his 100th UCL goal Viktor Kassai
20%
No matching quizzes found
Score Distribution
Percent of People with Each Score
Percentile by Number Answered
Your Score History
You have not taken this quiz